00561 2200193 4500001002100000005001500021035002000036007000300056008004100059020000600100082001000106084001600116245009100132250000600223260006400229300001200293110004600305990001600351INLIS00000000000219720260417031248 a0010-0426000028ta260417 g 0 ind  a- a636.2 a636.2 DIR b1 aBuku Saku Petenakan Sapi :bPanduan Pemeliharaan Sapi Perah Jersey di Tingkat Peternak a- aJakarta :bDirektorat Perbibitan dan Produksi Ternak,c2024 a36 hlm.0 aDirektorat Perbibitan dan Produksi Ternak a00000005202